000 00597nam a2200181 a 4500
001 000036610
005 20200930075828.0
008 110404s2012 dr a 000 0 spa d
020 _a9789945473926
040 _aDO-SdBNP
_bspa
_cBNPHU
082 _axxxx
_bxxxx
100 1 _aValera, Héctor A.
_d1978-
_962894
245 1 0 _aDiario de un pariguayo :
_bcuentos y relatos /
_cHéctor A. Valera.
260 _aSanto Domingo :
_bBúho,
_c2012.
300 _a92 p. ;
_c23 cm.
500 _aIncluye datos biográficos del autor en la solapa de la cubierta
500 _aIncluye notas al pie de las páginas
999 _c36101
_d36101